000
00284nam a2200109Ia 4500
008
221009s9999 xx 000 0 und d
082
_a
294.5/BAS
100
_a
Scholars, Various Sanskrit
_9
23743
245
4
_a
The Sacred Books of The Hindus
260
_b
The panini Office
942
_c
BK
999
_c
64560
_d
64560